[Event "Barcelona Ponce Memorial 3rd"]
[Site "Barcelona"]
[Date "2018.04.28"]
[Round "4"]
[White "Fabregas Fontanet, Antonio"]
[Black "Gomez Pardo Criado, Juan Antonio"]
[Result "1/2-1/2"]
[WhiteElo "1973"]
[BlackElo "1736"]
[PlyCount "127"]
[EventDate "2018.04.07"]
[EventType "swiss"]
[EventRounds "9"]
[EventCountry "ESP"]
[SourceTitle "CBM 184 Extra"]
[Source "ChessBase"]
[SourceDate "2018.06.28"]
[SourceVersion "1"]
[SourceVersionDate "2018.06.28"]
[SourceQuality "1"]

1. e4 e5 2. Nc3 Nc6 3. Bc4 Be7 4. Nge2 Nf6 5. Ng3 d6 6. 0-0 0-0 7. d3 Na5 8. f4 Nxc4 9. dxc4 exf4 10. Bxf4 Be6 11. b3 Nd7 12. Nd5 Ne5 13. Bxe5 dxe5 14. Qh5 c6 15. Nxe7+ Qxe7 16. Qxe5 Rae8 17. Rad1 f6 18. Qf4 Rd8 19. h3 Rxd1 20. Rxd1 Rd8 21. Rxd8+ Qxd8 22. Kh2 Bf7 23. Nf5 Bg6 24. Nd6 b6 25. b4 c5 26. c3 Qd7 27. e5 fxe5 28. Qxe5 Qc7 29. g3 h6 30. h4 Bc2 31. h5 Kh7 32. Qe6 Qc6 33. Qd5 Qa4 34. bxc5 Qxa2 35. Qd2 bxc5 36. g4 Bb3 37. Qxa2 Bxa2 38. Nb7 Bxc4 39. Nxc5 a5 40. Kg3 Bb5 41. Kf4 a4 42. g5 hxg5+ 43. Kxg5 a3 44. Nb3 a2 45. Na1 Bc4 46. Kf4 Be2 47. Kg5 Kg8 48. h6 gxh6+ 49. Kxh6 Kf7 50. Kg5 Ke6 51. Kf4 Bc4 52. Ke3 Kd5 53. Kd2 Kc5 54. Kc1 Kb5 55. Kb2 Ka4 56. Kc2 Ka3 57. Kc1 Bb3 58. c4 Kb4 59. c5 Bd5 60. Nc2+ Kxc5 61. Kb2 Kb5 62. Nd4+ Kb4 63. Nc6+ Ka4 64. Ne5 1/2-1/2

[Event "Hospitalet de Llobregat Ponce 3rd"]
[Site "Hospitalet de Llobregat"]
[Date "2017.04.29"]
[Round "4"]
[White "Daguro Dasalla, Armando"]
[Black "Gomez Pardo Criado, Juan Antonio"]
[Result "1-0"]
[WhiteElo "1961"]
[BlackElo "1749"]
[PlyCount "79"]
[EventDate "2017.04.01"]
[EventType "swiss"]
[EventRounds "9"]
[EventCountry "ESP"]
[SourceTitle "EXT 2018"]
[Source "ChessBase"]
[SourceDate "2017.10.13"]
[SourceVersion "1"]
[SourceVersionDate "2017.10.13"]
[SourceQuality "1"]

1. d4 d5 2. c4 c6 3. Nc3 Nf6 4. Nf3 e6 5. e3 Be7 6. Qc2 0-0 7. Bd3 dxc4 8. Bxc4 Nd5 9. a3 Nd7 10. 0-0 Nxc3 11. Qxc3 Nf6 12. Qc2 Bd7 13. Ne5 Qc7 14. e4 Bd6 15. Nxd7 Nxd7 16. g3 Rfc8 17. Qb3 Nb6 18. Be2 Qe7 19. Be3 Bc7 20. Bg4 Rd8 21. h4 h6 22. f4 Rab8 23. Kg2 Nc8 24. Rae1 Bb6 25. f5 Bxd4 26. Bxd4 Rxd4 27. Qf3 Qd6 28. f6 g6 29. Rd1 c5 30. Qe3 Kh7 31. e5 Qb6 32. Kh3 a6 33. b4 Rxd1 34. Rxd1 Qc7 35. bxc5 Na7 36. h5 g5 37. Qe4+ Kg8 38. Bxe6 fxe6 39. Qg6+ Kh8 40. f7 1-0

[Event "Barcelona Ideal Clave op 20th"]
[Site "Barcelona"]
[Date "2016.11.12"]
[Round "7"]
[White "Ylla Soro, Rafael"]
[Black "Gomez Pardo Criado, Juan Antonio"]
[Result "1-0"]
[WhiteElo "1546"]
[BlackElo "1817"]
[PlyCount "54"]
[EventDate "2016.10.01"]
[EventType "swiss"]
[EventRounds "8"]
[EventCountry "ESP"]
[SourceTitle "EXT 2018"]
[Source "ChessBase"]
[SourceDate "2017.10.13"]
[SourceVersion "1"]
[SourceVersionDate "2017.10.13"]
[SourceQuality "1"]

1. e4 e5 2. f4 exf4 3. Nf3 Be7 4. Bc4 d6 5. 0-0 Nf6 6. Nc3 0-0 7. d4 Nc6 8. Bxf4 Bg4 9. a3 Qc8 10. Qd3 Nh5 11. Bg5 Kh8 12. Bxe7 Nxe7 13. Ng5 Be6 14. d5 h6 15. Nxe6 fxe6 16. Rxf8+ Qxf8 17. dxe6 Nf6 18. Rf1 Qe8 19. Nd5 Nexd5 20. exd5 Qh5 21. Qf3 Qe5 22. c3 Re8 23. Qf4 Qh5 24. Bb3 Qe2 25. Qf2 Qb5 26. Ba2 Nxd5 27. c4 Qb6 1-0

[Event "Barcelona Ideal Clave op 20th"]
[Site "Barcelona"]
[Date "2016.10.29"]
[Round "5"]
[White "Rodriguez Guillen, Carlos"]
[Black "Gomez Pardo Criado, Juan Antonio"]
[Result "1-0"]
[WhiteElo "1675"]
[BlackElo "1817"]
[PlyCount "79"]
[EventDate "2016.10.01"]
[EventType "swiss"]
[EventRounds "8"]
[EventCountry "ESP"]
[SourceTitle "EXT 2018"]
[Source "ChessBase"]
[SourceDate "2017.10.13"]
[SourceVersion "1"]
[SourceVersionDate "2017.10.13"]
[SourceQuality "1"]

1. e4 e5 2. Nf3 d6 3. d4 Nd7 4. Bc4 c6 5. Nc3 Be7 6. dxe5 dxe5 7. Ng5 Bxg5 8. Qh5 g6 9. Qxg5 Qxg5 10. Bxg5 Ngf6 11. 0-0 0-0 12. Rad1 Kg7 13. Rfe1 b5 14. Bb3 a6 15. Rd6 c5 16. Bd5 Nxd5 17. Nxd5 f6 18. Nc7 fxg5 19. Nxa8 Nf6 20. Nc7 Rf7 21. Nxa6 Bxa6 22. Rxa6 Rd7 23. f3 Rd2 24. Ra5 Rxc2 25. Rxb5 g4 26. a4 gxf3 27. gxf3 Nh5 28. Rd1 Nf4 29. Kh1 Ne2 30. a5 Nd4 31. Rb7+ Kh6 32. Rf1 Rc4 33. a6 Ra4 34. Rb6 Kh5 35. Kg2 Nc2 36. Rc1 Ne3+ 37. Kg3 Nc4 38. b3 Nxb6 39. bxa4 Nxa4 40. a7 1-0

[Event "Barcelona Ideal Clave op 20th"]
[Site "Barcelona"]
[Date "2016.10.08"]
[Round "2"]
[White "Serrano Pertinez, Miquel"]
[Black "Gomez Pardo Criado, Juan Antonio"]
[Result "1-0"]
[WhiteElo "2140"]
[BlackElo "1817"]
[PlyCount "49"]
[EventDate "2016.10.01"]
[EventType "swiss"]
[EventRounds "8"]
[EventCountry "ESP"]
[SourceTitle "EXT 2018"]
[Source "ChessBase"]
[SourceDate "2017.10.13"]
[SourceVersion "1"]
[SourceVersionDate "2017.10.13"]
[SourceQuality "1"]

1. b3 d5 2. Bb2 Bf5 3. e3 Nf6 4. Bxf6 exf6 5. Nc3 c6 6. Nge2 Bd6 7. Ng3 Bg6 8. Bd3 Nd7 9. Nf5 Bxf5 10. Bxf5 g6 11. Bxd7+ Qxd7 12. 0-0 0-0 13. Ne2 f5 14. c4 dxc4 15. bxc4 Rfe8 16. d4 Re4 17. Nc3 Rh4 18. g3 Rh5 19. Qf3 Rc8 20. Rab1 b6 21. Rfd1 Qe7 22. Rb3 Qg5 23. a4 Qg4 24. Qg2 Rg5 25. Ra1 1-0

[Event "Barcelona Llobregat op 5th"]
[Site "Barcelona"]
[Date "2014.05.17"]
[Round "6"]
[White "Monteagudo Aguilera, Maximo"]
[Black "Gomez Pardo Criado, Juan Antonio"]
[Result "1-0"]
[WhiteElo "1950"]
[BlackElo "1904"]
[PlyCount "83"]
[EventDate "2014.04.05"]
[EventType "swiss"]
[EventRounds "8"]
[EventCountry "ESP"]
[SourceTitle "CBM 160 Extra"]
[Source "ChessBase"]
[SourceDate "2014.07.01"]
[SourceVersion "1"]
[SourceVersionDate "2014.07.01"]
[SourceQuality "1"]

1. e4 e5 2. Nf3 d6 3. d4 exd4 4. Nxd4 Nf6 5. Bg5 Be7 6. Nc3 0-0 7. Bc4 a6 8. 0-0 b5 9. Be2 b4 10. Bxf6 Bxf6 11. Nd5 Bxd4 12. Qxd4 c5 13. Qd2 Nc6 14. Rad1 Bb7 15. f3 Nd4 16. Bc4 Bc6 17. c3 bxc3 18. bxc3 Bb5 19. Bxb5 Nxb5 20. a4 Nc7 21. Nb6 Ra7 22. Qxd6 Ne6 23. a5 Re8 24. Qc6 Qe7 25. Nc8 Rxc8 26. Qxc8+ Nf8 27. Rd5 g6 28. Qxc5 Ne6 29. Qxe7 Rxe7 30. Rd6 Rc7 31. Rxa6 Rxc3 32. Rd1 Rc2 33. Rd7 Nc5 34. Ra8+ Kg7 35. Rd1 Ra2 36. h4 Ne6 37. a6 Nf4 38. a7 Rxg2+ 39. Kf1 Ra2 40. Rd7 Ne6 41. Rb8 Nc5 42. Rd5 1-0

[Event "Montseny op 3rd"]
[Site "Montseny"]
[Date "2012.06.02"]
[Round "8"]
[White "Lozano Diaz, Antoni"]
[Black "Gomez Pardo Criado, Juan Antonio"]
[Result "1-0"]
[WhiteElo "1913"]
[BlackElo "1841"]
[PlyCount "112"]
[EventDate "2012.04.14"]
[EventType "swiss"]
[EventRounds "8"]
[EventCountry "ESP"]
[SourceTitle "CBM 148 Extra"]
[Source "ChessBase"]
[SourceDate "2012.06.22"]
[SourceVersion "1"]
[SourceVersionDate "2012.06.22"]
[SourceQuality "1"]

1. d4 d5 2. c4 e6 3. Nc3 Nf6 4. cxd5 exd5 5. Bg5 Be7 6. e3 c6 7. Bd3 0-0 8. Qc2 h6 9. Bh4 Nh5 10. Bxe7 Qxe7 11. Nge2 Qg5 12. g3 Bg4 13. 0-0-0 Bf3 14. Rhg1 Nd7 15. h3 Qe7 16. g4 Nhf6 17. g5 hxg5 18. Rg3 Be4 19. Rxg5 Bxd3 20. Qxd3 Ne4 21. Rg2 f5 22. Rdg1 Rf7 23. Nf4 Nf8 24. Nxe4 fxe4 25. Qe2 Ne6 26. Ng6 Qd8 27. Qh5 Rf6 28. Qh8+ Kf7 29. Ne5+ Ke7 30. Rxg7+ Nxg7 31. Rxg7+ Ke6 32. Qh5 Qc8 33. Qg4+ Rf5 34. Nd7 Qe8 35. Nc5+ Kf6 36. Nd7+ Ke6 37. Ne5 Qh5 38. Qg3 Raf8 39. Rg6+ R8f6 40. Rxf6+ Rxf6 41. Qg8+ Kf5 42. Qg3 Qg5 43. Ng4 Re6 44. Qc7 Qe7 45. Qf4+ Kg6 46. Qh6+ Kf7 47. Qh5+ Kg8 48. Ne5 Qg7 49. Ng4 b6 50. Qh4 Rd6 51. Qg3 Rd8 52. h4 c5 53. h5 cxd4 54. h6 Qf8 55. Ne5+ Kh7 56. Qg6+ Kh8 1-0

[Event "Llobregat op 3rd"]
[Site "Llobregat"]
[Date "2011.05.21"]
[Round "7"]
[White "Fernandez Benito, Francisco Javier"]
[Black "Gomez Pardo Criado, Juan Antonio"]
[Result "1/2-1/2"]
[WhiteElo "1713"]
[BlackElo "1861"]
[PlyCount "65"]
[EventDate "2011.04.02"]
[EventType "swiss"]
[EventRounds "7"]
[EventCountry "ESP"]
[SourceTitle "CBM 142 Extra"]
[Source "ChessBase"]
[SourceDate "2011.06.27"]
[SourceVersion "1"]
[SourceVersionDate "2011.06.27"]
[SourceQuality "1"]

1. d4 d5 2. Nf3 Nf6 3. Bf4 Bg4 4. Nbd2 e6 5. c3 Bd6 6. Ne5 Nbd7 7. Nxg4 Bxf4 8. Nxf6+ Nxf6 9. e3 Bd6 10. Bd3 0-0 11. Qc2 c5 12. dxc5 Bxc5 13. Nb3 Bb6 14. Nd2 h6 15. Nf3 Rc8 16. 0-0 Qe7 17. Rfe1 Rc7 18. Rac1 Rfc8 19. Qd2 Rd8 20. Qe2 Qd6 21. Nd4 a6 22. f4 Bxd4 23. cxd4 Rdc8 24. Rc2 Qb4 25. Rec1 Rxc2 26. Rxc2 Rxc2 27. Bxc2 g6 28. Bd3 b5 29. a3 Qb3 30. h3 Nd7 31. Qc2 Qxc2 32. Bxc2 Nb6 33. b3 1/2-1/2